00821 2200181 4500001002100000005001500021035002000036245007700056110001900133250001700152300002800169260003100197082001200228084001800240020002200258650001700280520034200297INLIS00000000000004320240320084856 a0010-03240000431 aPanglima Muslim Penakluk Negeri :bQutaibah bin Muslim /cNelfi Syafrina0 aNelfi Syafrina acetakan ke-1 a36 hlm :bilus ;c19 cm aSolo :bTiga Ananda,c2018 a297.092 a297.092 NEL p a978-602-366-539-6 4aReligi Islam a“Qutaibah bin Muslim adalah seorang panglima muslim yang gagah berani. Ia berhasil menyebarkan Islam ke berbagai daerah di wilayah Asia Tengah, termasuk Tiongkok dan Rusia. Tidak semua wilayah ditaklukan Qutaibah dengan peperangan. Ada sebuah wilayah yang ia taklukan tanpa peperangan sama sekali. Bagaimana Qutaibah melakukan hal itu?